| 000 | 00487nam a2200169Ia 4500 | ||
|---|---|---|---|
| 005 | 20250424120306.0 | ||
| 008 | 250424s9999 xx 000 0 und d | ||
| 022 | _a23467371 | ||
| 050 | _aT 28.N6 .L35/ | ||
| 245 | 0 | _aLAJOST: lapai journal of science and technology | |
| 260 | _aNiger state, Nigeria | ||
| 260 | _bTürkiye Bilimsel ve Teknik Araştırma Kurumu | ||
| 260 | _c2016 | ||
| 300 | _ax, 222 p. :ill. ; 29 cm. | ||
| 650 | _aTechnology--Nigeria--Periodicals. | ||
| 942 | _cSR | ||
| 999 |
_c38478 _d38478 |
||